A carregar...
ഊര്ജ്ജതാണ്ഡവം
| Main Authors: | , |
|---|---|
| Formato: | Printed Book |
| Publicado em: |
Tamilnadu;
Nitya Books;
|
| Assuntos: |
| LEADER | 00587nam a22001577a 4500 | ||
|---|---|---|---|
| 100 | |a നിത്യചൈതന്യയതി |9 71761 | ||
| 100 | |a Nitya Chaitanya Yati |9 71762 | ||
| 240 | |a Oorajathandavam | ||
| 245 | |a ഊര്ജ്ജതാണ്ഡവം | ||
| 260 | |a Tamilnadu; |b Nitya Books; | ||
| 300 | |a 190p. | ||
| 650 | |a മലയാളം; |9 71763 | ||
| 650 | |a Malayalam; |9 71764 | ||
| 942 | |c BK | ||
| 999 | |c 45710 |d 45710 | ||
| 952 | |0 0 |1 0 |4 0 |6 894_000000000000000_M07_NIT_U_N4 |7 0 |8 STU |9 53326 |a MAL |b MAL |d 2015-11-17 |e 40806 |g 32.00 |l 0 |o 894.M07 NIT/U N4 |p MAL040806 |r 2015-11-17 |t 1 |w 2015-11-17 |y BK | ||